Atomic age physics / (Record no. 12009)
[ view plain ]
| 000 -LEADER | |
|---|---|
| fixed length control field | 01023nam a22002771i 4500 |
| 001 - CONTROL NUMBER | |
| control field | 749608 |
| 003 - CONTROL NUMBER IDENTIFIER | |
| control field | EG-ScBUE |
| 005 - DATE AND TIME OF LATEST TRANSACTION | |
| control field | 20250731112101.0 |
| 008 - FIXED-LENGTH DATA ELEMENTS--GENERAL INFORMATION | |
| fixed length control field | 850116t1959 nyua f 000 0 eng d |
| 040 ## - CATALOGING SOURCE | |
| Original cataloging agency | DLC/ICU |
| Language of cataloging | eng |
| Description conventions | rda |
| Transcribing agency | ICU |
| Modifying agency | DLC |
| -- | EG-ScBUE |
| 082 04 - DEWEY DECIMAL CLASSIFICATION NUMBER | |
| Classification number | 539.7 |
| Edition number | 22 |
| Item number | SEM |
| 100 1# - MAIN ENTRY--PERSONAL NAME | |
| Personal name | Semat, Henry, |
| Dates associated with a name | 1900- |
| Relator term | author. |
| 9 (RLIN) | 6842 |
| 245 10 - TITLE STATEMENT | |
| Title | Atomic age physics / |
| Statement of responsibility, etc | Henry Semat, professor of physics, The City College on New York, Harvey E. White, professor of physics, University of California. |
| 246 34 - VARYING FORM OF TITLE | |
| Title proper/short title | Atomic age physics : |
| Remainder of title | everyman's easy guide to atomics and nucleonics |
| 264 #1 - PUBLICATION, DISTRIBUTION, ETC. (IMPRINT) | |
| Place of publication, distribution, etc | New York : |
| Name of publisher, distributor, etc | Rinehart, |
| Date of publication, distribution, etc | [1959] |
| 264 #4 - PUBLICATION, DISTRIBUTION, ETC. (IMPRINT) | |
| Date of publication, distribution, etc | c1959 |
| 300 ## - PHYSICAL DESCRIPTION | |
| Extent | 230 pages : |
| Other physical details | illustrations ; |
| Dimensions | 21 cm |
| 336 ## - CONTENT TYPE | |
| Source | rdacontent |
| Content type term | text |
| Content type code | txt |
| 337 ## - MEDIA TYPE | |
| Media type term | unmediated |
| Source | rdamedia |
| Media type code | n |
| 338 ## - CARRIER TYPE | |
| Carrier type term | volume |
| Carrier type code | nc |
| Source | rdacarrier |
| 650 #7 - SUBJECT ADDED ENTRY--TOPICAL TERM | |
| Topical term or geographic name as entry element | Matter |
| General subdivision | Constitution. |
| Source of heading or term | BUEsh |
| 9 (RLIN) | 6843 |
| 650 #7 - SUBJECT ADDED ENTRY--TOPICAL TERM | |
| Topical term or geographic name as entry element | Nuclear physics. |
| Source of heading or term | BUEsh |
| 9 (RLIN) | 6844 |
| 655 ## - INDEX TERM--GENRE/FORM | |
| Form subdivision | Reading book |
| 700 1# - ADDED ENTRY--PERSONAL NAME | |
| Personal name | White, Harvey Elliott, |
| Dates associated with a name | 1902- |
| Relator term | joint author. |
| 9 (RLIN) | 6845 |
| 942 ## - ADDED ENTRY ELEMENTS (KOHA) | |
| Source of classification or shelving scheme | Dewey Decimal Classification |
| Koha item type | Book - Borrowing |
| Withdrawn status | Lost status | Source of classification or shelving scheme | Damaged status | Not for loan | Collection code | Home library | Current library | Shelving location | Date acquired | Source of acquisition | Cost, normal purchase price | Total Checkouts | Full call number | Barcode | Date last seen | Koha item type |
|---|---|---|---|---|---|---|---|---|---|---|---|---|---|---|---|---|
| Dewey Decimal Classification | Alef-Baa | Central Library | Central Library | First floor | 24/06/2009 | Purchase | 150.00 | 539.7 SEM | 000016694 | 15/07/2025 | Book - Borrowing |